First Name as Last Name as First Name #6 - Statistics

General Stats
  • This quiz has been taken 252 times
  • The average score is 10 of 14
Answer Stats
First name ? Name ? Last name % Correct
Sarah Jessica Parker Posey
93%
Steve Martin Luther
91%
Larry David Beckham
88%
Spike Lee Marvin
84%
Carol Channing Tatum
82%
Pamela Anderson Cooper
80%
Nat King Cole Porter
79%
Elizabeth Taylor Lautner
73%
Kurt Russell Crowe
72%
Nina Simone de Beauvoir
72%
Daymond John Wayne
70%
Chris Rock Hudson
44%
Ron Paul Ryan
41%
Annie Lennox Lewis
33%
No matching quizzes found
Score Distribution
Percent of People with Each Score
Percentile by Number Answered
Your Score History
You have not taken this quiz